XXI International Congress : developing the profession in a developing world (Bright, 19-25 July 1998). Commission 5 : positioning and measurement. (Record no. 97678)
[ view plain ]
| 000 -LEADER | |
|---|---|
| fixed length control field | 01749cam a2200277 4500 |
| 008 - FIXED-LENGTH DATA ELEMENTS--GENERAL INFORMATION | |
| fixed length control field | 090401t1998 xxu||||| |||| 00| 0 eng d |
| 020 ## - INTERNATIONAL STANDARD BOOK NUMBER | |
| International Standard Book Number | 0854069011 |
| 035 ## - SYSTEM CONTROL NUMBER | |
| System control number | (Sirsi) u91840 |
| 041 ## - LANGUAGE CODE | |
| Language code of text/sound track or separate title | eng |
| 050 ## - LIBRARY OF CONGRESS CALL NUMBER | |
| Classification number | 526.9 |
| 110 ## - MAIN ENTRY--CORPORATE NAME | |
| Corporate name or jurisdiction name as entry element | Federation International Des Geometres |
| 245 ## - TITLE STATEMENT | |
| Title | XXI International Congress : developing the profession in a developing world (Bright, 19-25 July 1998). Commission 5 : positioning and measurement. |
| 260 ## - PUBLICATION, DISTRIBUTION, ETC. | |
| Place of publication, distribution, etc. | London |
| Name of publisher, distributor, etc. | FIG |
| Date of publication, distribution, etc. | 1998 |
| 300 ## - PHYSICAL DESCRIPTION | |
| Extent | viii,625p. : ill. ; 21cm. |
| 350 ## - PRICE (NR) (BK AM CF MU VM SE) [OBSOLETE] | |
| Price | 0 |
| 500 ## - GENERAL NOTE | |
| General note | Also held on CD-Rom. |
| 520 ## - SUMMARY, ETC. | |
| Summary, etc. | Papers include Using GPS to monitor platform movements...offshore./ D. WHITCOMBE - Precise positioning using GLONASS./ D. WALSH & P. DALY - The impact of new technology on mapping organisations./ N. SMITH & K. MURRAY - A novel single-beam automatic laser theodolite./ B. GORHAM - Shakespeare`s globe theatre, London:monitoring of adjacent structures./ S.J. BARNES & J. LITTLE - Monitoring long term vertical land movements in the Thames estuary .../ V. ASHKENAZI et al - Monitoring tide gauge heights...with GPS./ V. ASHKENAZI et al - A new integrated marine gravity acquisition system based on GPS./ A.H. DODSON et al - Creating databases is one things.../ I. LOGAN, J. DRUMMOND & S. COOPER - Ocean tide loading effects on GPS observations./ A.H. DODSON, D.J. CURTIS & T.F. BAKER - The effects of weather fronts on GPS./ T. GREGORIUS & G. BLEWITT -Control in the 21st century./ C.E. CALVERT & S.H. MASON - Real time monitoring of bridges by GPS./ V. ASHKENAZI et al. |
| 650 ## - SUBJECT ADDED ENTRY--TOPICAL TERM | |
| Topical term or geographic name entry element | CONFERENCES |
| 650 ## - SUBJECT ADDED ENTRY--TOPICAL TERM | |
| Topical term or geographic name entry element | GIS |
| 650 ## - SUBJECT ADDED ENTRY--TOPICAL TERM | |
| Topical term or geographic name entry element | GIS |
| 650 ## - SUBJECT ADDED ENTRY--TOPICAL TERM | |
| Topical term or geographic name entry element | SATELLITE SURVEYING |
| 650 ## - SUBJECT ADDED ENTRY--TOPICAL TERM | |
| Topical term or geographic name entry element | SURVEYORS |
| 690 ## - LOCAL SUBJECT ADDED ENTRY--TOPICAL TERM (OCLC, RLIN) | |
| Topical term or geographic name as entry element | LAND SURVEYING |
| 942 ## - ADDED ENTRY ELEMENTS (KOHA) | |
| Suppress in OPAC | 0 |
| 948 ## - LOCAL PROCESSING INFORMATION (OCLC); SERIES PART DESIGNATOR (RLIN) | |
| c (OCLC) | 08/03/1999 |
| Withdrawn status | Lost status | Source of classification or shelving scheme | Damaged status | Not for loan | Home library | Current library | Shelving location | Date acquired | Total Checkouts | Full call number | Barcode | Date last seen | Copy number | Price effective from | Koha item type |
|---|---|---|---|---|---|---|---|---|---|---|---|---|---|---|---|
| Dewey Decimal Classification | London | London | Books | 14/09/1999 | 526.9 | 30057603 | 06/08/2019 | 2 | 06/08/2019 | Book |